000 00596nam a2200217 a 4500
999 _c7887
_d7887
001 7887
003 BD-JhCC
005 20180215094530.0
008 180215s1970 p a|||| || | 00| 0 eng d
035 _a(BD-JhCC)7887
040 _aBD-JhCC
_dBD-JhCC
041 _aeng
082 _a338.95491
_bBAW 1970
100 _aBawany, Ebrahim
245 _aRevolutionary Strategy for National Development /
_cEbrahim Bawany,
260 _aKarchi :
_bMuslimnews International,
_c1970.
300 _a154 p. :
_bill. ;
_c23 cm.
650 _aEconomic Policy
_zPakistan
942 _2ddc
_cBK